LIBRARY & INFORMATION CENTRE, KCAET, TAVANUR

ONLINE PUBLIC ACCESS CATALOGUE (OPAC)

Simple calculation of electrical transistor:An elementary treatment of transient problems in linear electrical circuits / (Record no. 8918)

MARC details
000 -LEADER
fixed length control field 00483cam a2200157ua 4500
003 - CONTROL NUMBER IDENTIFIER
control field OSt
008 - FIXED-LENGTH DATA ELEMENTS--GENERAL INFORMATION
fixed length control field 241226b |||||||| |||| 00| 0 eng d
041 ## - LANGUAGE CODE
Language code of text/sound track or separate title eng
082 ## - DEWEY DECIMAL CLASSIFICATION NUMBER
Classification number 621.31921
Item number CAR/SI
100 ## - MAIN ENTRY--AUTHOR NAME
Personal name Carter, G W .
245 ## - TITLE STATEMENT
Title Simple calculation of electrical transistor:An elementary treatment of transient problems in linear electrical circuits /
250 ## - EDITION STATEMENT
Edition statement 1 /
260 ## - PUBLICATION, DISTRIBUTION, ETC. (IMPRINT)
Place of publication Cambridge :
Name of publisher Cambridge University Press ,
Year of publication 1950.
300 ## - PHYSICAL DESCRIPTION
Number of Pages 120 ; .
942 ## - ADDED ENTRY ELEMENTS (KOHA)
Koha item type Books
Holdings
Withdrawn status Lost status Damaged status Home library Current library Date acquired Full call number Accession Number Koha item type
      KAUAET KAUAET 07/04/2012 621.31921 CAR/SI 5490 Books
free website counter